[Event "Saint Quentin op 11th"]
[Site "Elancourt"]
[Date "2009.04.19"]
[Round "2"]
[White "Anciant Grasdepot, Bernard"]
[Black "Salvador, Roland"]
[Result "0-1"]
[WhiteElo "1636"]
[BlackElo "2445"]
[PlyCount "74"]
[EventDate "2009.04.18"]
[EventType "swiss"]
[EventRounds "9"]
[EventCountry "FRA"]
[SourceTitle "CBM 129 Extra"]
[Source "ChessBase"]
[SourceDate "2009.05.05"]
[SourceVersion "2"]
[SourceVersionDate "2009.05.20"]
[SourceQuality "1"]

1. e4 c5 2. c3 Nf6 3. e5 Nd5 4. Bc4 Nb6 5. Bb3 c4 6. Bc2 Nc6 7. Nf3 d6 8. exd6 Qxd6 9. d4 cxd3 10. Qxd3 Qxd3 11. Bxd3 Bg4 12. Be2 e5 13. Bg5 f6 14. Bd2 0-0-0 15. h3 Bh5 16. a4 e4 17. Nh2 Bxe2 18. Kxe2 Na5 19. b4 Nac4 20. a5 Nd5 21. Bc1 Bd6 22. Ng4 f5 23. Ne3 Nf4+ 24. Ke1 Nxe3 25. fxe3 Nxg2+ 26. Kf2 Nh4 27. Rd1 Bg3+ 28. Ke2 Rxd1 29. Kxd1 Rd8+ 30. Ke2 Nf3 31. Nd2 Ng1+ 32. Kf1 Nxh3 33. Kg2 Be1 34. Ra2 Nf2 35. Kf1 Nd3 36. Ba3 Bxd2 37. Rxd2 Ne5 0-1

[Event "Elancourt op 10th"]
[Site "Elancourt"]
[Date "2007.04.15"]
[Round "2"]
[White "Bonnuit, Sylvain"]
[Black "Anciant Grasdepot, Bernard"]
[Result "1-0"]
[WhiteElo "1660"]
[BlackElo "1520"]
[PlyCount "53"]
[EventDate "2007.04.14"]
[EventType "swiss"]
[EventRounds "9"]
[EventCountry "FRA"]
[SourceTitle "CBM 118 Extra"]
[Source "ChessBase"]
[SourceDate "2007.07.04"]
[SourceVersion "1"]
[SourceVersionDate "2007.07.04"]
[SourceQuality "1"]

1. d4 Nf6 2. e3 d5 3. Bd3 e6 4. f4 c5 5. c3 c4 6. Bc2 Ne4 7. Nf3 Be7 8. 0-0 Nd7 9. Nbd2 Ndf6 10. Ng5 Nxg5 11. fxg5 Nd7 12. Nf3 f5 13. gxf6 Bxf6 14. e4 0-0 15. e5 Be7 16. Qe1 Rf7 17. Qg3 Bf8 18. Bxh7+ Kxh7 19. Ng5+ Kg8 20. Nxf7 Qe8 21. Qh4 Qxf7 22. Rxf7 Kxf7 23. Qh5+ Kg8 24. Bg5 Nb6 25. Rf1 Bd7 26. Qf7+ Kh8 27. Rf3 1-0